Sociología de la industria y de la empresa
Guardat en:
| Autor principal: | |
|---|---|
| Format: | Llibre |
| Idioma: | espanyol |
| Publicat: |
Ciudad de México
UTEHA
1965
|
| Col·lecció: | Manuales de UTEHA, 176
|
| Matèries: | |
| Etiquetes: |
Afegir etiqueta
Sense etiquetes, Sigues el primer a etiquetar aquest registre!
|
MARC
| LEADER | 00000nam a2200000 a 4500 | ||
|---|---|---|---|
| 001 | UCQ0466 | ||
| 003 | CL-VaPUC | ||
| 008 | 980627e19650000MX |||||||||||||||||spa|d | ||
| 082 | 0 | 4 | |a 306.36 |b DAH |2 21 |
| 100 | 0 | |a Dahrendorf, Ralf |e author |9 413722 | |
| 245 | 1 | 0 | |a Sociología de la industria y de la empresa |
| 300 | |a 172 p | ||
| 942 | |c BK | ||
| 945 | |d 19980627 00:00:00 |a crobeson | ||
| 260 | |a Ciudad de México |b UTEHA |c 1965 | ||
| 650 | 7 | |a SOCIOLOGIA INDUSTRIAL |2 CL-VaPUC |9 307184 | |
| 650 | 7 | |a SOCIOLOGIA OCUPACIONAL |2 CL-VaPUC |9 338468 | |
| 650 | 0 | |a Administración del personal |9 260442 | |
| 650 | 7 | |a CULTURA DEL TRABAJO |2 CL-VaPUC |9 356803 | |
| 650 | 0 | |a Industrialización |9 263687 | |
| 650 | 0 | |a Psicología industrial |9 271739 | |
| 650 | 7 | |a SOCIEDADES INDUSTRIALES |2 CL-VaPUC |9 334592 | |
| 650 | 0 | |a Tecnología |9 256742 | |
| 650 | 0 | |a Vida profesional |9 335945 | |
| 583 | |a last modification |c 19980627 00:00:00 |k Rodrigo Vera | ||
| 490 | 0 | |a Manuales de UTEHA, 176 | |
| 999 | |c 271595 |d 271593 | ||
| 952 | |0 0 |1 0 |4 0 |6 306_360000000000000_DAH_1965 |7 0 |8 P |9 306290 |a BIBGIM |b BIBGIM |d 2019-11-20 |i 1427369 |o 306.36 DAH 1965 |p 1427369 |r 2025-01-15 |w 2019-11-20 |y BK |k SSL | ||
| 952 | |0 0 |1 0 |4 0 |6 306_360000000000000_DAH_1965 |7 0 |8 P |9 306291 |a BIBGIM |b BIBGIM |d 2019-11-20 |i 4144546 |o 306.36 DAH 1965 |p 4144546 |r 2025-01-15 |w 2019-11-20 |y BK |k GIM | ||